[Event "Mittelfranken-chTB2a 1314"]
[Site "Mittelfranken"]
[Date "2013.12.01"]
[Round "3.1"]
[White "Sejdic, Enis"]
[Black "Wagner, Florian"]
[Result "1-0"]
[WhiteElo "2113"]
[BlackElo "2109"]
[PlyCount "113"]
[EventDate "2013.10.20"]
[EventType "team-tourn"]
[EventRounds "9"]
[EventCountry "GER"]
[SourceTitle "EXT 2020"]
[Source "ChessBase"]
[SourceDate "2019.10.17"]
[SourceVersion "1"]
[SourceVersionDate "2019.10.17"]
[SourceQuality "1"]
[WhiteTeam "Bechhofen II"]
[BlackTeam "Nuernberg NT V"]
[WhiteTeamCountry "GER"]
[BlackTeamCountry "GER"]

1. e4 c5 2. Nf3 e6 3. c3 d6 4. Bd3 Ne7 5. Bc2 Ng6 6. d4 Nd7 7. Be3 Be7 8. Nbd2 0-0 9. 0-0 Qc7 10. Qe2 cxd4 11. Nxd4 Nf6 12. h3 Bd7 13. Rac1 Rfe8 14. Rfd1 d5 15. Bb1 dxe4 16. Nxe4 Nd5 17. Bd2 f5 18. Ng3 Bc5 19. a3 Qb6 20. b4 Bxd4 21. cxd4 Ba4 22. Re1 Qxd4 23. Be3 Nxe3 24. fxe3 Qe5 25. Qf2 Rac8 26. Ba2 Kh8 27. Nh5 Rc6 28. Nf4 Nf8 29. Rxc6 Bxc6 30. Qd2 Nd7 31. Qd4 Qxd4 32. exd4 e5 33. d5 Bb5 34. Ne6 Rc8 35. d6 Bd3 36. Bd5 e4 37. Bxb7 Re8 38. Nc5 Ne5 39. d7 Rg8 40. Rd1 Rd8 41. Bc8 Kg8 42. Ne6 Rxd7 43. Bxd7 Nxd7 44. Nc5 Ne5 45. Nxd3 Nxd3 46. b5 Kf7 47. Rb1 Ke6 48. a4 Kd6 49. b6 axb6 50. Rxb6+ Kc7 51. a5 Nc5 52. Rb1 f4 53. Rc1 Kd6 54. Rb1 Kc6 55. Kf1 e3 56. Ke2 Ne4 57. Rb4 1-0

[Event "Regionalliga NO 1314"]
[Site "Bayern"]
[Date "2013.11.24"]
[Round "3.6"]
[White "Paar, Johannes"]
[Black "Sejdic, Enis"]
[Result "1/2-1/2"]
[WhiteElo "1933"]
[BlackElo "2085"]
[PlyCount "63"]
[EventDate "2013.10.13"]
[EventType "team-tourn"]
[EventRounds "9"]
[EventCountry "GER"]
[SourceTitle "EXT 2015"]
[Source "ChessBase"]
[SourceDate "2014.11.20"]
[SourceVersion "1"]
[SourceVersionDate "2014.11.20"]
[SourceQuality "1"]
[WhiteTeam "Schwandorf"]
[BlackTeam "Bechhofen"]
[WhiteTeamCountry "GER"]
[BlackTeamCountry "GER"]

1. Nf3 Nf6 2. c4 d6 3. g3 e5 4. d3 Be7 5. Bg2 c6 6. Nc3 Bf5 7. 0-0 0-0 8. e4 Bg4 9. d4 Nbd7 10. Re1 Qb6 11. Na4 Bxf3 12. Nxb6 Bxd1 13. Nxd7 Nxd7 14. Rxd1 Rfd8 15. Be3 b6 16. Bh3 Nf6 17. f3 h6 18. Rd3 c5 19. dxe5 dxe5 20. Rad1 Rxd3 21. Rxd3 Rd8 22. Rxd8+ Bxd8 23. Kf2 Kf8 24. Ke2 Ke7 25. Kd3 Ne8 26. f4 Bc7 27. a3 f6 28. b4 Kd6 29. fxe5+ fxe5 30. Bf5 Bd8 31. bxc5+ bxc5 32. Bd2 1/2-1/2

[Event "Bayern-chB 69th"]
[Site "Kaufbeuren"]
[Date "1998.09.05"]
[Round "8"]
[White "Sejdic, Enis"]
[Black "Bielmeier, Ludwig"]
[Result "0-1"]
[WhiteElo "2205"]
[BlackElo "2230"]
[PlyCount "108"]
[EventDate "1998.08.29"]
[EventType "swiss"]
[EventRounds "9"]
[EventCountry "GER"]
[SourceTitle "EXT 2001"]
[Source "ChessBase"]
[SourceDate "2000.11.22"]
[SourceVersion "1"]
[SourceVersionDate "2000.11.22"]
[SourceQuality "1"]

1. e4 c6 2. d4 d5 3. exd5 cxd5 4. Bd3 Nc6 5. c3 Qc7 6. h3 g6 7. Nf3 Bf5 8. Be3 Nf6 9. Qe2 Bxd3 10. Qxd3 Bg7 11. Nbd2 0-0 12. 0-0 Rfe8 13. Rfe1 a5 14. a4 Nh5 15. Nb3 Red8 16. Re2 Bf8 17. Bg5 f6 18. Bd2 Ng7 19. Rae1 Qb6 20. Qc2 Qc7 21. Bh6 Re8 22. Qd3 Nh5 23. Bxf8 Nf4 24. Qb5 Nxe2+ 25. Rxe2 Kxf8 26. Qxd5 b6 27. Qe4 e6 28. Nbd2 Rad8 29. Qh4 Kg7 30. Ne4 Qf7 31. Qg3 e5 32. Rd2 Qe7 33. d5 Nb8 34. Nh4 Kh8 35. Nf3 Nd7 36. Qh4 Qg7 37. c4 Rf8 38. b3 Nc5 39. Rb2 g5 40. Nfxg5 fxg5 41. Nxg5 Rg8 42. f4 exf4 43. Nxh7 Qg3 44. Qh5 Qg6 45. Qh4 Kg7 46. Re2 Rde8 47. Re7+ Rxe7 48. Qxe7+ Kh8 49. g4 Re8 50. Qh4 Qb1+ 51. Kg2 Qc2+ 52. Kf3 Qe2+ 53. Kxf4 Qe4+ 54. Kg5 Rg8+ 0-1

[Event "Bayern-chB 69th"]
[Site "Kaufbeuren"]
[Date "1998.09.01"]
[Round "4"]
[White "Sejdic, Enis"]
[Black "Schelle, Artur"]
[Result "1/2-1/2"]
[WhiteElo "2205"]
[BlackElo "2200"]
[PlyCount "114"]
[EventDate "1998.08.29"]
[EventType "swiss"]
[EventRounds "9"]
[EventCountry "GER"]
[SourceTitle "EXT 2001"]
[Source "ChessBase"]
[SourceDate "2000.11.22"]
[SourceVersion "1"]
[SourceVersionDate "2000.11.22"]
[SourceQuality "1"]

1. e4 c5 2. Nf3 Nc6 3. Bc4 e6 4. 0-0 Nge7 5. d4 cxd4 6. Nxd4 Nxd4 7. Qxd4 Nc6 8. Qd1 Qc7 9. Nc3 a6 10. Be3 b5 11. Be2 Bb7 12. a3 Be7 13. Nb1 Bf6 14. c3 Na5 15. Bf3 Nc4 16. Qe2 0-0 17. Bd4 e5 18. Be3 Rad8 19. Rd1 Rfe8 20. b3 Nxe3 21. Qxe3 d5 22. Nd2 d4 23. cxd4 exd4 24. Qd3 Qc3 25. Nf1 Qxd3 26. Rxd3 Bxe4 27. Bxe4 Rxe4 28. Ng3 Re6 29. Kf1 g6 30. Rad1 Kg7 31. Ne2 Red6 32. Nc3 Be5 33. Ne4 Rc6 34. h3 f5 35. Nd2 Bf6 36. Nf3 Kf7 37. Ke2 Rc2+ 38. Kf1 Ra2 39. b4 Rc8 40. R1d2 Rxd2 41. Nxd2 Rc3 42. Ke2 Ke6 43. Rxc3 dxc3 44. Nb3 Kd5 45. Kd3 c2 46. Kxc2 Bd4 47. f3 Ke5 48. Kd3 Bb2 49. Nc5 Kf4 50. Ke2 Kg3 51. Kf1 Bxa3 52. Nxa6 Kf4 53. Nc7 Ke5 54. Nxb5 Bxb4 55. Ke2 Kf4 56. Nd4 Bc3 57. Nc2 Kg3 1/2-1/2

[Event "Bayern-chB 69th"]
[Site "Kaufbeuren"]
[Date "1998.08.31"]
[Round "3"]
[White "Pohl Kuemmel, Jens Uwe"]
[Black "Sejdic, Enis"]
[Result "1/2-1/2"]
[WhiteElo "2260"]
[BlackElo "2205"]
[PlyCount "64"]
[EventDate "1998.08.29"]
[EventType "swiss"]
[EventRounds "9"]
[EventCountry "GER"]
[SourceTitle "EXT 2001"]
[Source "ChessBase"]
[SourceDate "2000.11.22"]
[SourceVersion "1"]
[SourceVersionDate "2000.11.22"]
[SourceQuality "1"]

1. Nf3 Nc6 2. g3 e5 3. d3 Nf6 4. Bg2 Be7 5. 0-0 0-0 6. c4 d6 7. Nc3 h6 8. Ne1 Be6 9. Nd5 Re8 10. Nc2 Bf8 11. Nce3 Rb8 12. Rb1 Nd4 13. Nxf6+ Qxf6 14. Nd5 Qd8 15. e3 Nf5 16. e4 Nd4 17. f4 c6 18. Nc3 f6 19. b4 a6 20. a4 b5 21. cxb5 axb5 22. axb5 Nxb5 23. Nxb5 Rxb5 24. Be3 Qb8 25. Bd2 d5 26. fxe5 Qxe5 27. Kh1 Qd4 28. Qc2 Rc8 29. Bc3 Qb6 30. Qf2 dxe4 31. Bxe4 Qxf2 32. Rxf2 c5 1/2-1/2

[Event "Mittelfranken-chA"]
[Site "Postbauer"]
[Date "1998.??.??"]
[Round "8"]
[White "Roeder, Frank"]
[Black "Sejdic, Enis"]
[Result "1/2-1/2"]
[WhiteElo "2220"]
[BlackElo "2091"]
[PlyCount "70"]
[EventDate "1998.04.07"]
[EventType "swiss"]
[EventRounds "9"]
[EventCountry "GER"]
[SourceTitle "EXT 2011"]
[Source "ChessBase"]
[SourceDate "2010.11.26"]
[SourceVersion "1"]
[SourceVersionDate "2010.11.26"]
[SourceQuality "1"]

1. e4 e5 2. Nc3 Nf6 3. f4 d6 4. Nf3 exf4 5. d4 Be7 6. Bxf4 0-0 7. Bd3 a6 8. 0-0 Nbd7 9. Qe2 c5 10. e5 Nh5 11. exd6 Nxf4 12. Qxe7 Nxd3 13. cxd3 cxd4 14. Ne4 Re8 15. Qxd8 Rxd8 16. Nxd4 Ne5 17. Rac1 Nxd3 18. Rc7 Ne5 19. Re7 f6 20. Rc1 f5 21. Rxe5 fxe4 22. Rxe4 Rxd6 23. Re8+ Kf7 24. Rexc8 Rxc8 25. Rxc8 Rxd4 26. Rc7+ Kf6 27. Rxb7 Rd2 28. h3 a5 29. a4 h6 30. Kh2 Rd4 31. Rb6+ Kf7 32. b3 Rd3 33. h4 h5 34. Rb5 g6 35. Rxa5 Rxb3 1/2-1/2

[Event "Mittelfranken-chA"]
[Site "Postbauer"]
[Date "1998.??.??"]
[Round "5"]
[White "Sejdic, Enis"]
[Black "Eiber, Manfred"]
[Result "1/2-1/2"]
[WhiteElo "2091"]
[BlackElo "2207"]
[PlyCount "79"]
[EventDate "1998.04.07"]
[EventType "swiss"]
[EventRounds "9"]
[EventCountry "GER"]
[SourceTitle "EXT 2011"]
[Source "ChessBase"]
[SourceDate "2010.11.26"]
[SourceVersion "1"]
[SourceVersionDate "2010.11.26"]
[SourceQuality "1"]

1. e4 c6 2. d4 d5 3. exd5 cxd5 4. Bd3 Nc6 5. c3 Nf6 6. h3 e5 7. dxe5 Nxe5 8. Bb5+ Bd7 9. Bxd7+ Qxd7 10. Nf3 Nxf3+ 11. Qxf3 Qe6+ 12. Qe2 Bc5 13. Qxe6+ fxe6 14. Be3 Bxe3 15. fxe3 Ne4 16. Nd2 Nxd2 17. Kxd2 Rf8 18. Rhf1 Rf6 19. Rfe1 Rd8 20. Re2 Ke7 21. Rae1 e5 22. Rd1 Ke6 23. Kc2 Rf7 24. Red2 Rfd7 25. Rf1 Rc8 26. Rg1 a5 27. a3 a4 28. Rf1 Rdd8 29. Rfd1 Rc4 30. Rf1 Rc7 31. Kd3 Rf7 32. Rxf7 Kxf7 33. b3 axb3 34. Rb2 Rd6 35. Rxb3 b6 36. Rb5 Ke6 37. e4 d4 38. cxd4 Rxd4+ 39. Ke3 Rd6 40. Ke2 1/2-1/2

[Event "Mittelfranken-chA"]
[Site "Postbauer"]
[Date "1998.??.??"]
[Round "1"]
[White "Sejdic, Enis"]
[Black "Klein, Waldemar"]
[Result "1/2-1/2"]
[WhiteElo "2091"]
[BlackElo "1951"]
[PlyCount "56"]
[EventDate "1998.04.07"]
[EventType "swiss"]
[EventRounds "9"]
[EventCountry "GER"]
[SourceTitle "EXT 2011"]
[Source "ChessBase"]
[SourceDate "2010.11.26"]
[SourceVersion "1"]
[SourceVersionDate "2010.11.26"]
[SourceQuality "1"]

1. e4 c6 2. d4 g6 3. Nf3 d5 4. exd5 cxd5 5. Bd3 Nc6 6. c3 Bg7 7. 0-0 Nh6 8. Re1 0-0 9. h3 Bf5 10. Bxh6 Bxh6 11. Bxf5 gxf5 12. Ne5 Nxe5 13. Rxe5 e6 14. Nd2 Bxd2 15. Qxd2 Qf6 16. Re3 Kh8 17. Rg3 Rac8 18. Re1 Rg8 19. Rxg8+ Rxg8 20. Re2 Qg5 21. Qxg5 Rxg5 22. b3 Rg8 23. Kf1 Kg7 24. Rc2 Rd8 25. Ke2 Kf6 26. f4 h5 27. g3 Rg8 28. Kf3 Rd8 1/2-1/2

[Event "Mittelfranken-chA"]
[Site "Postbauer"]
[Date "1998.??.??"]
[Round "3"]
[White "Sejdic, Enis"]
[Black "Walter, Markus"]
[Result "1-0"]
[WhiteElo "2091"]
[BlackElo "1993"]
[PlyCount "78"]
[EventDate "1998.04.07"]
[EventType "swiss"]
[EventRounds "9"]
[EventCountry "GER"]
[SourceTitle "EXT 2011"]
[Source "ChessBase"]
[SourceDate "2010.11.26"]
[SourceVersion "1"]
[SourceVersionDate "2010.11.26"]
[SourceQuality "1"]

1. e4 c6 2. d4 d5 3. exd5 cxd5 4. Nf3 Nf6 5. Bd3 Nc6 6. c3 e6 7. 0-0 Bd6 8. h3 h6 9. Be3 Qc7 10. Nbd2 Bf4 11. Qe2 Bxe3 12. Qxe3 0-0 13. Ne5 Nxe5 14. dxe5 Nd7 15. Nf3 Qb6 16. Qe2 Nc5 17. Bb1 Bd7 18. Qc2 Ne4 19. Nd4 f5 20. exf6 Nxf6 21. Qd2 e5 22. Nf3 e4 23. Nd4 Nh5 24. Ne2 Be6 25. a4 Rad8 26. Ba2 Kh8 27. Rad1 Rd7 28. b4 Rdf7 29. Qd4 Qd8 30. Qe5 Bxh3 31. Qxh5 Bxg2 32. Rxd5 Qf6 33. Kxg2 Qf3+ 34. Kg1 e3 35. Qxf3 Rxf3 36. Bc4 exf2+ 37. Kg2 R3f6 38. Rd3 Rc6 39. Bd5 Rd6 1-0